Một số bệnh thoái hóa, di truyền thần kinh cơ thường gặp
Nội dung chủ yếu chỉ là về mặt lâm sàng, nhằm giúp các thầy thuốc định hướng được chẩn đoán, rồi từng bước kết hợp với các biện pháp cận lâm sàng hiện có để xác định chẩn đoán bệnh, điều trị và phục hồi chức năng....
Đã lưu trong:
| Príomhúdar: | |
|---|---|
| Formáid: | Leabhar |
| Teanga: | Undetermined |
| Foilsithe: |
Thành phố Hồ Chí Minh
Thanh niên
2001
|
| Ábhair: | |
| Clibeanna: |
Cuir Clib Leis
Gan Chlibeanna, Bí ar an gcéad duine leis an taifead seo a chlibeáil!
|
| Thư viện lưu trữ: | Trung tâm Học liệu Trường Đại học Cần Thơ |
|---|
| LEADER | 01025nam a2200205Ia 4500 | ||
|---|---|---|---|
| 001 | CTU_228790 | ||
| 008 | 210402s9999 xx 000 0 und d | ||
| 082 | |a 616.744 | ||
| 082 | |b B302 | ||
| 100 | |a Vũ, Quang Bích | ||
| 245 | 0 | |a Một số bệnh thoái hóa, di truyền thần kinh cơ thường gặp | |
| 245 | 0 | |c Vũ Quang Bích | |
| 260 | |a Thành phố Hồ Chí Minh | ||
| 260 | |b Thanh niên | ||
| 260 | |c 2001 | ||
| 520 | |a Nội dung chủ yếu chỉ là về mặt lâm sàng, nhằm giúp các thầy thuốc định hướng được chẩn đoán, rồi từng bước kết hợp với các biện pháp cận lâm sàng hiện có để xác định chẩn đoán bệnh, điều trị và phục hồi chức năng. | ||
| 650 | |a Bệnh thần kinh cơ,Neuromuscular diseases | ||
| 650 | |x Chẩn đoán,Diagnosis | ||
| 910 | |b nthai | ||
| 980 | |a Trung tâm Học liệu Trường Đại học Cần Thơ | ||